| 000 | 00748cam a2200253 a 4500 | ||
|---|---|---|---|
| 008 | |||
| 020 | _a0812108574 (hbk.) | ||
| 049 | _aMAIN | ||
| 090 |
_aRD781 _bCOL |
||
| 100 | 1 | _aColeman, Sherman S. | |
| 245 | 1 | 0 |
_aComplex foot deformities in children / _cSherman S. Coleman. |
| 260 |
_aPhiladelphia : _bLea & Febiger, _c1983. |
||
| 300 |
_aix, 301 p. : _bill. ; _c29 cm. |
||
| 500 | _aIncludes index. | ||
| 504 | _aIncludes bibliographical references. | ||
| 650 | 0 |
_aFoot _xAbnormalities. |
|
| 650 | 0 | _aPediatric orthopedics. | |
| 650 | 2 |
_aFoot _xAbnormalities. |
|
| 907 |
_a.b10356472 _b31-03-15 _c31-03-15 |
||
| 003 | |||
| 005 | 20230120204151.0 | ||
| 040 | _cNUST | ||
| 942 |
_cBOOKS _kRD781 _mCOL |
||
| 999 |
_c118348 _d118348 |
||